| 000 | 00372nam a2200145Ia 4500 | ||
|---|---|---|---|
| 008 | 230917s9999||||xx |||||||||||||| ||und|| | ||
| 040 |
_e38021 _aMAIN |
||
| 041 | _aEnglish | ||
| 082 | _a823.8 F774D:J | ||
| 100 | _aDavis, James A | ||
| 245 | 0 | _aJohn Forster: a literary life | |
| 260 |
_aLeicester _bLeicester University Press _c1983 |
||
| 300 | _ax, 318 p. | ||
| 942 | _cBK | ||
| 999 |
_c63117 _d63117 |
||